000 00340nam a22001217a 4500
040 _cHS
082 _a380
100 _aរស់ សុភារ៉ាវី
245 _aម៉ាឃេតធីងកសិកម្ម agricultural marketing
260 _aRUA
_bរស់ សុភារ៉ារី
_c1997
300 _a122p;
942 _cKB
999 _c8874
_d8874